Statistics for Favorite Subdivisions by Flag Maps

Click here to take the quiz!

General Stats

  • This quiz has been taken 43 times
  • The average score is 6 of 8

Answer Stats

Answer% Correct
Alaska
97%
Nunavut
93%
Saxony
87%
Nova Scotia
80%
Mississippi
80%
Galicia
73%
Krasnoyarsk
50%
Extremadura
47%

Score Distribution

Percentile by Number Answered

Percent of People with Each Score

Your Score History

You have not taken this quiz